00441nam a22001577a 450000500170000001000150001702000260003203500140005803700130007208200100008510000190009524500530011426000360016727000540020330000260025720181008112816.0 aENG-124205 c195.00a9789350579152 aEN-107737 bDBAD/PUB a618.2 aHanda, Parvesh aThe journey......of pregancy /bby Parvesh Handa aNew DelhibV&S Publishersc2017 aF-2/16, Ansari Road, DaryaganjbNew Delhie110002 a95p.c21cm(pbk)bill.